| 000 | 00575cam a2200229ua 4500 | ||
|---|---|---|---|
| 001 | 10136 | ||
| 005 | 20260515114554.0 | ||
| 008 | 170404n ii |||gr||||Z||||||eng | ||
| 020 | _a9789381485156 | ||
| 040 | _cMAIN | ||
| 041 | _aeng | ||
| 082 | _a050 | ||
| 100 |
_aBaruah, Santanu Kaushik, _eEditor. |
||
| 245 |
_aAssam yearbook 2017 _cEd. by Santanu Kaushik Baruah |
||
| 250 | _a10th ed. | ||
| 260 |
_aGuwahati: _bJyoti prakashan, _c2017. |
||
| 300 | _a656p. | ||
| 653 | _aGeneral serial publications | ||
| 653 | _aGeneral knowledge | ||
| 653 | _aMAIN | ||
| 942 | _cBK | ||
| 999 |
_c9125 _d9125 |
||